000 00261nam a2200097Ia 4500
082 _a821.914ZERB
245 0 _aTime and again
100 _a ZERBST, Fiona Plumstead, South Africa, 2002
_963341
942 _cBK
008 210817s9999 xx 000 0 und d
999 _c200683
_d200677